ბათუმის შოთა რუსთაველის სახელმწიფო უნივერსიტეტის ბიბლიოთეკა

Основы государственной экономической политики (ბიბ.ჩანაწერი № 37058)

000 -LEADER
fixed length control field 00653nam a2200229Ia 4500
001 - CONTROL NUMBER
control field 3012
003 - CONTROL NUMBER IDENTIFIER
control field GE_BSU
008 - FIXED-LENGTH DATA ELEMENTS--GENERAL INFORMATION
fixed length control field 181216s||||||||xx |||||||||||||| ||und||
020 ## - INTERNATIONAL STANDARD BOOK NUMBER
International Standard Book Number 5856392167
040 ## - CATALOGING SOURCE
Transcribing agency GE_BSU
080 ## - UNIVERSAL DECIMAL CLASSIFICATION NUMBER
Universal Decimal Classification number 338.24(075.8)
100 ## - MAIN ENTRY--PERSONAL NAME
Personal name Ходов, А. Г.
245 ## - TITLE STATEMENT
Title Основы государственной экономической политики
245 ## - TITLE STATEMENT
Remainder of title Учебник
260 ## - PUBLICATION, DISTRIBUTION, ETC.
Place of publication, distribution, etc. Москва
260 ## - PUBLICATION, DISTRIBUTION, ETC.
Name of publisher, distributor, etc. БЕК
260 ## - PUBLICATION, DISTRIBUTION, ETC.
Date of publication, distribution, etc. 1997
300 ## - PHYSICAL DESCRIPTION
Extent 332 с. 21 см.
653 ## - INDEX TERM--UNCONTROLLED
Uncontrolled term Основы государственной экономической политики
942 ## - ADDED ENTRY ELEMENTS (KOHA)
Koha item type წიგნი
ეგზემპლარები
Withdrawn status Lost status Damaged status Not for loan Date acquired Barcode Date last seen Price effective from Koha item type Public note
        2018-12-17 7912 2018-12-17 2018-12-17 წიგნი დარბაზი